| 000 | 00610nam a2200205 a 4500 | ||
|---|---|---|---|
| 001 | 1078 | ||
| 005 | 20140414131924.0 | ||
| 008 | 041020s19uu xx 00 eng d | ||
| 020 | _a0-307-99500-3 | ||
| 050 |
_aER _bP87 1999 |
||
| 100 | _aMcCracken, Craig | ||
| 245 |
_aPowerpuff girls : big terrible trouble? / _cby Craig McCracken ; illustrated by Craig McCracken and Lou Romano. |
||
| 260 |
_aNew York : _bA Golden Book, _c1999. |
||
| 300 | _a1 v. p. : ill. ; cm. | ||
| 440 | _aCartoon Network | ||
| 650 |
_aAdventures _xFiction. |
||
| 650 | _aChildren stories. | ||
| 999 |
_c111932 _d111932 |
||